000 00655nam a2200277Ia 4500
005 20260324140714.0
008 008 260324s9999 xx 000 0 eng d
020 _a9781315041964
037 _aEBOOK
040 _aCRL
040 _beng
040 _cCRL
041 _2eng
041 _aeng
084 _qCRL
100 _aGraham Birley; Neil Moreland
_91205422
245 2 _aA Practical Guide to Academic Research
260 _bTaylor and Francis
260 _c1998
365 _a
365 _b300
856 _uhttp://www.taylorfrancis.com/books/9781315041964
942 _cEBOOK
999 _c1807764
_d1807764